000 00363nam a22001337a 4500
082 _a624.154
_bUNI
_cD
110 _aUSS
_942735
245 _aSteel sheet piling design manual /
_cUnited State Steel.
260 _aUS :
_bUnited State Steel,
_c1982.
300 _aMisc Pages
526 _a0
_b0
_c0
_d624_154000000000000_UNI
650 _aMCE
_9379
942 _2ddc
_cBK
999 _c546582
_d546582